La increíble mamá de Roberta / (Registro nro. 9667)

Detalles MARC
000 -CABECERA
Longitud fija campo de control 01044nam a2200301 a 4500
003 - • IDENTIFICADOR DELl NÚMERO DE CONTROL
Identificador del número de control CO-ViMGA
008 - • CÓDIGOS DE INFORMACIÓN DE LONGITUD FIJA
Códigos de información de longitud fija 141112s2004 ck r 000 u spa d
020 ## - • NÚMERO INTERNACIONAL NORMALIZADO PARA LIBROS
Número Internacional Normalizado para Libros (ISBN) 9789587584561
040 ## - FUENTE DE LA CATALOGACIÓN
Centro catalogador de origen CO-ViMGA
Lengua de catalogación spa
Centro transcriptor CO-ViMGA
041 ## - • CÓDIGO DE LENGUA
Código de lengua del texto/banda sonora o título independiente SPA
100 1# - • PUNTO DE ACCESO PRINCIPAL-NOMBRE DE PERSONA
Nombre de persona Wells, Rosemary, 1943 -
245 10 - • TITULO PROPIAMENTE DICHO
Título La increíble mamá de Roberta /
Mención de responsabilidad, etc. texto e ilustraciones de Rosemary Wells ; traducido por Yolanda Reyes
250 ## - • MENCIÓN DE EDICIÓN
Mención de edición 1a ed.
300 ## - • DESCRIPCIÓN FÍSICA
Extensión 32 p. : il. col. : il.
490 ## - • MENCIÓN DE SERIE
Mención de serie Nidos para la lectura : yo no leo alguien me lee
650 14 - • PUNTO DE ACCESO ADICIONAL DE MATERIA - TÉRMINO DE MATERIA
Término de materia o nombre geográfico como elemento inicial AUTORES ESTADOUNIDENSES
650 14 - • PUNTO DE ACCESO ADICIONAL DE MATERIA - TÉRMINO DE MATERIA
Término de materia o nombre geográfico como elemento inicial DESDE LOS 3 AÑOS
650 14 - • PUNTO DE ACCESO ADICIONAL DE MATERIA - TÉRMINO DE MATERIA
Término de materia o nombre geográfico como elemento inicial ILUSTRADORES ESTADOUNIDENSES
650 14 - • PUNTO DE ACCESO ADICIONAL DE MATERIA - TÉRMINO DE MATERIA
Término de materia o nombre geográfico como elemento inicial LITERATURA INFANTIL ESTADOUNIDENSE
650 14 - • PUNTO DE ACCESO ADICIONAL DE MATERIA - TÉRMINO DE MATERIA
Término de materia o nombre geográfico como elemento inicial NIÑOS TRAVIESOS - LIBROS DE IMAGENES
650 14 - • PUNTO DE ACCESO ADICIONAL DE MATERIA - TÉRMINO DE MATERIA
Término de materia o nombre geográfico como elemento inicial RELACION MADRE - HIJOS - LIBROS DE IMAGENES
700 1# - • PUNTO DE ACCESO ADICIONAL - NOMBRE DE PERSONA
Nombre de persona Reyes, Yolanda, 1959 -
700 1# - • PUNTO DE ACCESO ADICIONAL - NOMBRE DE PERSONA
Nombre de persona Wells, Rosemary, 1943 -
942 ## - ENTRADA DE ELEMENTOS AGREGADOS (KOHA)
Fuente de clasificaión o esquema Dewey Decimal Classification
Koha [por defecto] tipo de item LIbro
Existencias
Perdido Fuente de clasificación o esquema Estado Físico No para préstamo Forma de adquisición Localización permanente Localización actual Localización en estanterías Fecha adquisición Préstamos totales Signatura completa Código de barras Fecha última consulta Número de copia Fecha del precio de reemplazo Tipo de item de Koha Serie de enumeración / cronolog&íacute;a Renovaciones totales Fecha último préstamo Fuente de adquisición Calificador de ubicación codificada
  Dewey Decimal Classification     Infantil Biblioteca Pública José Eustasio Rivera - San Martin Biblioteca Pública José Eustasio Rivera - San Martin Estanteria bebes 09/26/2024   A WELL2 SM03433 09/26/2024 Ej.1 09/26/2024 LIbro          
  Dewey Decimal Classification     Infantil Biblioteca Pública San Carlos de Guaroa - Eduardo Carranza Biblioteca Pública San Carlos de Guaroa - Eduardo Carranza Sala Infantil 06/14/2023   C WEL8 SG00568 06/14/2023 Ej.1 06/14/2023 Libro Infantil          
  Dewey Decimal Classification     Sala Infantil Segundo Piso Biblioteca Pública Germán Arciniegas - Villavicencio Biblioteca Pública Germán Arciniegas - Villavicencio   12/04/2015 5 A WEL2 25814 05/16/2019 Ej. 1 12/04/2015 LIbro 16/abr/2013 1 05/03/2019    
  Dewey Decimal Classification     Infantil Biblioteca Pública Mesetas - Franco lodo Poloxi Biblioteca Pública Mesetas - Franco lodo Poloxi Sala Infantil 07/23/2025   A CUE66 ME01690 03/31/2025 Ej.1 03/31/2025 LIbro          
  Dewey Decimal Classification     Infantil Biblioteca Pública Mesetas - Franco lodo Poloxi Biblioteca Pública Mesetas - Franco lodo Poloxi Sala Infantil 07/30/2025   A WEL2 ME01612 07/30/2025 Ej.1 07/30/2025 LIbro          
  Dewey Decimal Classification     Infantil Biblioteca Pública Rural El Yarí- vereda Playa Rica La Macarena Biblioteca Pública Rural El Yarí- vereda Playa Rica La Macarena Sala Infantil 11/08/2024     BPM'591 06/05/2025 Ej.1 06/05/2025 LIbro       ministerio de cultura BPM'591
  Dewey Decimal Classification     Infantil Biblioteca Pública San Juanito - Ernesto Maria Peña Romero Biblioteca Pública San Juanito - Ernesto Maria Peña Romero Sala Infantil 01/17/2024 1 A WEL2 SJU00060 06/26/2025 Ej.1 01/17/2024 LIbro     06/26/2025    









Instituto Departamental de Cultura del Meta - Red Departamental de Bibliotecas Públicas del Meta.